World of Tanks (easy quiz) - Statistics

General Stats
  • This quiz has been taken 691 times
    683 since last reset
  • The average score is 6 of 15
Answer Stats
Question Answer % Correct
How many tanks are there in a random battle? 30
95%
How fast does the Maus go? 20km/hour
67%
What is the amount of hit points on a Maus? 3,000
60%
What is the tier 10 japanese heavy tank? Type 5 Heavy
57%
What American tier 9 tank destroyer has the msot armour? T95
53%
What tank has the highest caliber gun? T92
49%
What is the tier 9 British heavy tank? Conqueror
48%
What is the only tier 9 American heavy tank? M103
45%
What is the only tier 10 German SPG? G.W. E100
44%
What is the tier 10 Chinese heavy tank? 113
33%
What is the tier 10 Soviet SPG? Object 261
29%
What is the tier 8 French premium heavy tank? FCM 50T
20%
What is fastest tank in the game? T2 Light
14%
What tier 9 tank destroyer has the most HP? Jadgtiger
6%
What French tank has the most armour? Foch 155 55
1%
No matching quizzes found
Score Distribution
Percent of People with Each Score
Percentile by Number Answered
Your Score History
You have not taken this quiz since the last reset